People from San Diego - Statistics

General Stats
  • This quiz has been taken 44 times
  • The average score is 6 of 16
Answer Stats
Picture Answer % Correct
Cameron Diaz
76%
RuPaul
76%
Adam Driver
65%
Ted Danson
56%
Michelle Williams
44%
Frank Zappa
41%
Gregory Peck
38%
Robert Duvall
38%
Mayim Bialik
35%
Dennis Hopper
26%
Robin Wright
26%
Harold Lloyd
21%
Tom Waits
12%
Kathy Najimi
6%
Raquel Welch
6%
Art Linkletter
3%
No matching quizzes found
Score Distribution
Percent of People with Each Score
Percentile by Number Answered
Your Score History
You have not taken this quiz